000 00801nam a2200253Ia 4500
999 _c55485
_d55485
001 22567
003 GE_BSU
005 20230329165206.0
008 181216s ||||-ge|||||||||||||| ||ger||
010 _a9783195119023
040 _cGE_BSU
041 _ager
080 _a811.112.1B-85
100 _aBreitsameter, Anna
_917350
245 _aMenschen A2. 2 - Deutsch als Fremdsprache Arbeitsbuch /
_bBreitsameter Anna , Sabine Glas-Peters, Angela Pude.
264 _aMunchen :
_bHueber Verlag,
_c2013.
300 _a109 p. ;
_c29 cm.
_e+1CD A2.2
541 _h38gel.
653 _aMenschen A2. 2 - Deutsch als Fremdsprache Arbeitsbuch
653 _aგერმანული ენა
700 _aGlas-Peters, Sabine
_eby
_916347
700 _aPude, Angela
_eby
_916348
942 _cBK
_2udc